MARC details
| 000 -LEADER |
| fixed length control field |
011360000a22003130004500 |
| 003 - CONTROL NUMBER IDENTIFIER |
| control field |
LK-CoMWRAF |
| 008 - FIXED-LENGTH DATA ELEMENTS--GENERAL INFORMATION |
| fixed length control field |
230817t ||||| |||| 00| 0 eng d |
| 020 ## - INTERNATIONAL STANDARD BOOK NUMBER |
| International Standard Book Number |
0925153850 |
| 040 ## - CATALOGING SOURCE |
| Original cataloging agency |
LK-CoMWRAF |
| Modifying agency |
LK-CoMWRAF |
| Description conventions |
LK-CoMWRAF |
| 041 ## - LANGUAGE CODE |
| Language code of text/sound track or separate title |
English |
| 082 ## - DEWEY DECIMAL CLASSIFICATION NUMBER |
| Classification number |
430 |
| Item number |
SAU |
| 942 ## - ADDED ENTRY ELEMENTS (KOHA) |
| Koha item type |
Books |
| 100 ## - MAIN ENTRY--PERSONAL NAME |
| Personal name |
Kneehans, Ellen |
| 100 ## - MAIN ENTRY--PERSONAL NAME |
| Personal name |
Sautman, Barry |
| 245 ## - TITLE STATEMENT |
| Title |
The Politics of Racial Discrimination in Hong Kong |
| Remainder of title |
|
| 260 ## - PUBLICATION, DISTRIBUTION, ETC. (IMPRINT) |
| Name of publisher, distributor, etc. |
|
| Place of publication, distribution, etc. |
|
| Date of publication, distribution, etc. |
|
| 300 ## - PHYSICAL DESCRIPTION |
| Extent |
p.83 |
| 490 ## - SERIES STATEMENT |
| Series statement |
Maryland Series in Contemporary Asian Studies - Number 02-2002 (169) |
| 650 ## - SUBJECT ADDED ENTRY--TOPICAL TERM |
| Topical term or geographic name as entry element |
Colonial-Era Discrimination |
| 650 ## - SUBJECT ADDED ENTRY--TOPICAL TERM |
| Topical term or geographic name as entry element |
Emergence of the Racial Discrimination Issue in the Mid-1990s |
| 650 ## - SUBJECT ADDED ENTRY--TOPICAL TERM |
| Topical term or geographic name as entry element |
Intra-Elite Conflict over Racial Discrimination |
| 650 ## - SUBJECT ADDED ENTRY--TOPICAL TERM |
| Topical term or geographic name as entry element |
New Mainland Migrants and "Racial" Discrimination |
| 650 ## - SUBJECT ADDED ENTRY--TOPICAL TERM |
| Topical term or geographic name as entry element |
New Minorities, New Issues |
| 650 ## - SUBJECT ADDED ENTRY--TOPICAL TERM |
| Topical term or geographic name as entry element |
Organized Protest Begins |
| 650 ## - SUBJECT ADDED ENTRY--TOPICAL TERM |
| Topical term or geographic name as entry element |
Racial Discrimination Issue in Post-Handover Hong Kong |
| 650 ## - SUBJECT ADDED ENTRY--TOPICAL TERM |
| Topical term or geographic name as entry element |
Stateless Minorities and Full UK Citizenship |
| 650 ## - SUBJECT ADDED ENTRY--TOPICAL TERM |
| Topical term or geographic name as entry element |
Tycoon Regime and the Politics of Racial Discrimination |
| 650 ## - SUBJECT ADDED ENTRY--TOPICAL TERM |
| Topical term or geographic name as entry element |
Upsurge in the Discourse of Racial Discrimination |